Statistics for Countries never invaded or occupied by the British Empire

Click here to take the quiz!

General Stats

  • This quiz has been taken 82 times
  • The average score is 10 of 22

Answer Stats

Country% Correct
Mongolia
62%
Sweden
60%
Kyrgyzstan
57%
Tajikistan
57%
Liechtenstein
56%
Andorra
54%
Uzbekistan
54%
Democratic Republic of the Congo
53%
Paraguay
53%
Vatican City
53%
Bolivia
51%
Chad
49%
Mali
47%
Monaco
46%
Luxembourg
44%
Central African Republic
35%
Burundi
29%
Guatemala
28%
Sao Tome and Principe
28%
Belarus
22%
Ivory Coast
16%
Marshall Islands
16%

Score Distribution

Percentile by Number Answered

Percent of People with Each Score

Your Score History

You have not taken this quiz